LIBRARY & INFORMATION CENTRE, KCAET, TAVANUR

ONLINE PUBLIC ACCESS CATALOGUE (OPAC)

Meri kahani / (Record no. 11921)

MARC details
000 -LEADER
fixed length control field 00465cam a2200193ua 4500
041 ## - LANGUAGE CODE
Language code of text/sound track or separate title hin
082 ## - DEWEY DECIMAL CLASSIFICATION NUMBER
Classification number 891.43
Item number JAW/ME
100 ## - MAIN ENTRY--AUTHOR NAME
Personal name Jawaharlal, Nehru .
245 ## - TITLE STATEMENT
Title Meri kahani /
250 ## - EDITION STATEMENT
Edition statement 11 /
260 ## - PUBLICATION, DISTRIBUTION, ETC. (IMPRINT)
Place of publication New Delhi :
Name of publisher Sasta Sahitya Mandir ,
Year of publication 1965.
300 ## - PHYSICAL DESCRIPTION
Number of Pages 864 ; .
942 ## - ADDED ENTRY ELEMENTS (KOHA)
Koha item type Books
Holdings
Withdrawn status Lost status Damaged status Home library Current library Date acquired Full call number Accession Number Koha item type Public note
Withdrawn     KAUAET KAUAET 07/04/2012 891.43 9733 Books Deleted
Withdrawn     KAUAET Sanskrit University 07/04/2012 891.43 2803 Books  
free website counter